El Carácter de la crisis económica en Costa Rica y las vías de recuperación

Gardado en:
Detalles Bibliográficos
Autor Principal: Reuben Soto, William
Formato: Texto
Publicado: San José
Etiquetas: Engadir etiqueta
Sen Etiquetas, Sexa o primeiro en etiquetar este rexistro!

MARC

LEADER 00000 a a2200000 04500
001 21590
003
040
090 |a 095800  
100 |a Reuben Soto, William  
245 |a El Carácter de la crisis económica en Costa Rica y las vías de recuperación  
260 |a San José  
300 |a 23 p.  
999 |c 6890  |d 6890